000
00340nam a2200133Ia 4500
003
PILC
008
220421s2000 xx 000 0 und d
040
_c
EARIST LIBRARY
100
_a
Acelajado, Bundajan,
_9
897
245
0
_a
Mathematics for the New Millenium /
260
_b
Diwa Scholastic :
_c
2000.
999
_c
2260
_d
2260
942
_2
ddc
_c
BK